Vista normal
Vista MARC
Entrada Nombre geográfico
Número de registros utilizados en: 1
001 - NÚMERO DE CONTROL
- campo de control: 3125
003 - IDENTIFICADOR DE NÚMERO DE CONTROL
- campo de control: PE-LiUPU
005 - FECHA Y HORA DE LA ÚLTIMA TRANSACCIÓN
- campo de control: 20231017171932.0
008 - ELEMENTOS DE DATO DE LONGITUD-FIJA
- campo de control de longitud fija: 231017|| aca||aabn | a|a d
040 ## - FUENTE DE CATALOGACIÓN
- Centro catalogador/agencia de origen: PE-LiUPU
151 ## - ENCABEZAMIENTO--NOMBRE GEOGRÁFICO
- Nombre geográfico: América Latina
- Subdivisión general: Historia
- Subdivisión cronológica: Epoca Colonial.